Codex iuris canonici: schema novissimum iuxta placita patrum commissionis emendatum atque Summo Pontifici praesentatum
Saved in:
| 企業作者: | |
|---|---|
| 格式: | 圖書 |
| 語言: | 拉丁语 |
| 出版: |
Ciudad del Vaticano
Typis Poliglotis Vaticanis
1982
|
| 主題: | |
| 標簽: |
添加標簽
沒有標簽, 成為第一個標記此記錄!
|
MARC
| LEADER | 00000nam a2200000 a 4500 | ||
|---|---|---|---|
| 001 | UCK1599 | ||
| 003 | CL-VaPUC | ||
| 008 | 041119e19820000VC |||||||||||||||||lat|d | ||
| 082 | 0 | 4 | |a 262.93 |b PON |2 21 |
| 110 | 2 | |a Pontificia Commissio Codici Iuris Canonici |e author |9 489505 | |
| 245 | 1 | 0 | |a Codex iuris canonici: schema novissimum iuxta placita patrum commissionis emendatum atque Summo Pontifici praesentatum |
| 300 | |a 308 h | ||
| 942 | |c BK | ||
| 945 | |d 20041119 00:00:00 |a cmena | ||
| 260 | |a Ciudad del Vaticano |b Typis Poliglotis Vaticanis |c 1982 | ||
| 600 | 0 | |a Iglesia católica |9 255129 | |
| 650 | 7 | |a DERECHO CANONICO |2 CL-VaPUC |9 489506 | |
| 650 | 0 | |a Sacramentos |9 257270 | |
| 650 | 0 | |a Personas no religiosas |9 349308 | |
| 650 | 0 | |a Ordenamiento jurídico |9 355371 | |
| 583 | |a last modification |c 20041119 00:00:00 |k Rodrigo Vera | ||
| 999 | |c 311504 |d 311502 | ||
| 952 | |0 0 |1 0 |4 0 |6 262_930000000000000_PON_1982 |7 0 |8 DER_HDC |9 380936 |a BIBDER |b BIBDER |d 2019-11-21 |i 3964159 |o 262.93 PON 1982 |p 3964159 |r 2023-01-25 |w 2019-11-21 |x Ubicación 4to Piso |y BK |z Estos recursos deben solicitarse con anticipación |k DER | ||